01554cam a22003977a 4500003000500000005001700005008004100022010001000063011001000073035001100083040000900094090001000103100004200113245016700155260004100322300001100363502012600374590003700500590004100537590004100578590004100619590004200660650002600702650002900728650002700757650003500784650004000819650003900859650001900898901000700917905002600924942001000950949005100960999001701011952012801028CHAP20220817044002.0010920d2001 mx r 00110 spa d a89410 a90382 a100938 cCHAP aTesis00aPérez Flores, Maria Eufemia.98966010aModelo real de alimentación y salud de los niños de 0 a 59 meses de edad en San Pablo Ixayoc, Texcoco, Estado de Méxicoc/por María Eufemia Pérez Flores aChapingo, Méx. :bEl autor,c2004. a135 h. aTesis(M.C.) -- CP. Instituto de Socioeconomía, Estadística e Informática. Programa en Estudios del Desarrollo Rural aALEPHb10c20130110lUCH01h1503 aBATCH-UPDb10c20130110lUCH01h0635 aBATCH-UPDb10c20130410lUCH01h0319 aBATCH-UPDb10c20130914lUCH01h0255 aCONVERSIONb10c20130109lUCH01h135014aAlimentación.9410914aDesarrollo rural.93206714aDesnutrición.93216514aHábitos alimenticios.95567914aNutriciónxMéxico (Edo.)98226414aPolítica socialzMéxico(Edo.).14aSalud.9101807 aBK aAlejandra Carrasco M. cTESIS aTesisbBCcTESd1009381eTS1h42792i100938sb c89410d89410 00102local4051708TESISaBCbBCcPA_TESISd2019-12-31fTESISl0oTesisp1009381r2019-12-31 00:00:00w2019-12-31yTESIS